UBT Library

E shkuara e Një Iluzioni (Record no. 60846)

000 -LEADER
fixed length control field 00306nam a22001337a 4500
008 - FIXED-LENGTH DATA ELEMENTS--GENERAL INFORMATION
fixed length control field 260223b ||||| |||| 00| 0 eng d
020 ## - INTERNATIONAL STANDARD BOOK NUMBER
International Standard Book Number 9951050360
041 ## - LANGUAGE CODE
Language code of text/sound track or separate title Shqip
080 ## - UNIVERSAL DECIMAL CLASSIFICATION NUMBER
Universal Decimal Classification number 2.1
100 ## - Rafti
Rafti 20.1
101 ## - Shkurtesa
Shkurtesa Letrare
245 ## - TITLE STATEMENT
Title E shkuara e Një Iluzioni
Statement of responsibility, etc François Furet
942 ## - ADDED ENTRY ELEMENTS (KOHA)
Source of classification or shelving scheme
Item type Books
Holdings
Withdrawn status Lost status Source of classification or shelving scheme Damaged status Not for loan Collection code Permanent location Current location Date acquired Total Checkouts Barcode Date last seen Price effective from Koha item type
          Koleksioni i përgjithshem UBT - Lipjan UBT - Lipjan 02/23/2026   002-800070999579 02/23/2026 02/23/2026 Books
          Koleksioni i përgjithshem UBT - Lipjan UBT - Lipjan 02/23/2026   002-800070999581 02/23/2026 02/23/2026 Books
          Koleksioni i përgjithshem UBT - Lipjan UBT - Lipjan 03/13/2026   003-800070999171 03/13/2026 03/13/2026 Books
          Koleksioni i përgjithshem UBT - Lipjan UBT - Lipjan 03/26/2026   003-800070999483 03/26/2026 03/26/2026 Books
          Koleksioni i përgjithshem UBT - Lipjan UBT - Lipjan 03/26/2026   003-800070999484 03/26/2026 03/26/2026 Books
          Koleksioni i përgjithshem UBT - Lipjan UBT - Lipjan 03/26/2026   003-800070999485 03/26/2026 03/26/2026 Books
          Koleksioni i përgjithshem UBT - Lipjan UBT - Lipjan 04/14/2026   003-800070999633 04/14/2026 04/14/2026 Books
          Koleksioni i përgjithshem UBT - Lipjan UBT - Lipjan 04/14/2026   003-800070999634 04/14/2026 04/14/2026 Books
          Koleksioni i përgjithshem UBT - Lipjan UBT - Lipjan 04/20/2026   003-800070999100 04/20/2026 04/20/2026 Books
          Koleksioni i përgjithshem UBT - Lipjan UBT - Lipjan 04/24/2026   003-800070999101 04/24/2026 04/24/2026 Books
          Koleksioni i përgjithshem UBT - Lipjan UBT - Lipjan 04/24/2026   003-800070999102 04/24/2026 04/24/2026 Books
UBT Library © 2015-2024. All rights reserved University Education for Business and Technology